Logos des équipes de MLB - Statistiques

Statistiques générales
  • Ce quiz a été pris 28 fois
  • Le résultat moyen est 13 sur 30
Statistiques - réponses
Par images Réponse % Correct
New York Yankees
83%
Los Angeles Dodgers
74%
Chicago Cubs
70%
Boston Red Sox
65%
Los Angeles Angels
61%
Chicago White Sox
57%
Detroit Tigers
52%
Houston Astros
52%
Miami Marlins
52%
New York Mets
48%
Toronto Blue Jays
48%
Atlanta Braves
43%
Baltimore Orioles
43%
San Diego Padres
43%
Seattle Mariners
43%
San Francisco Giants
39%
Arizona Diamondbacks
35%
Kansas City Royals
35%
Milwaukee Brewers
35%
Philadelphia Phillies
35%
Cleveland Guardians
30%
Colorado Rockies
30%
Texas Rangers
30%
Cincinnati Reds
26%
Minnesota Twins
26%
Oakland Athletics
26%
Pittsburgh Pirates
26%
Tampa Bay Rays
22%
Washington Nationals
22%
St Louis Cardinals
13%
Aucun quiz correspondant
Distribution des résultats
% des personnes avec chaque résultat
Percentile par nombre de réponses
Votre historique - résultats
Vous n’avez pas pris ce quiz